Julia Roberts Movies - Sudden Death - Statistics

General Stats
  • This quiz has been taken 212 times
  • The average score is 7 of 17
Answers on the Grid
Answers color-coded by a green-red scale on the quiz's grid according to % correct below.
Mona Lisa Smile
The Pelican Brief
Pan
The American
Mary Reilly
Runaway Bride
The Princess Diaries
Stepmom
Wonder
Away from Her
Pretty Woman
I Love Trouble
Dick Tracy
Music of the Heart
Eat Pray Love
Scent of a Woman
Before I Go to Sleep
Ocean’s Twelve
27 Dresses
The Martian
Billy Bathgate
Charlie Wilson’s War
New Year’s Eve
Hook
Erin Brockovich
Miss Congeniality
August: Osage County
A League of Their Own
Ben is Back
Your Place or Mine
Closer
Duplicity
 
Answer Stats
Answer % Correct
Mona Lisa Smile
87%
Pretty Woman
73%
The Pelican Brief
71%
Runaway Bride
65%
Eat Pray Love
59%
Erin Brockovich
59%
Ocean’s Twelve
59%
Stepmom
49%
Hook
36%
Wonder
31%
Closer
27%
Mary Reilly
23%
Charlie Wilson’s War
22%
August: Osage County
20%
Duplicity
13%
Ben is Back
11%
I Love Trouble
11%
No matching quizzes found
Score Distribution
Percent of People with Each Score
Percentile by Number Answered
Your Score History
You have not taken this quiz